| 000 | 01107nam0a22002651 4500 | ||
|---|---|---|---|
| 001 | RU\INFOCOMM_327\NLR\5000086859 | ||
| 005 | 20250614080942.0 | ||
| 035 | _a(NLR Aleph) 010623754 | ||
| 090 |
_a10611675 _c10611675 |
||
| 100 | _a20130328d1971 |||y0rusy50 ca | ||
| 101 | 0 | _aeng | |
| 102 | _aRU | ||
| 105 | _ay z|||| | ||
| 200 | 1 |
_aRules for the cargo handling gear of sea-going ships _aNotice: Additions and amendments to the current Rules for the cargo handling gear of sea-going ships, № 1, 1970 _aLoad line rules for sea-going ships _aNotice: Additions and amendments to the current Load line rules for sea-going ships, №, 1, 1970 _fRegister of shipping of the USSR |
|
| 210 |
_aL. _c"Transport" _d1971 |
||
| 215 |
_a128 с., 1 л. карт. _cил., карт. _d27 см |
||
| 606 | 0 |
_aМеждународное морское право _2nlr_sh1 |
|
| 620 | _aСанкт-Петербург | ||
| 686 |
_aП9-3745 _2rubbk |
||
| 712 | 0 | 1 |
_aUSSR _bRegister of shipping _4570 |
| 801 | 1 |
_aRU _bInfocomm _c20130328 |
|
| 801 | 0 |
_aRU _bINFOCOMM _gPSBO |
|
| 852 |
_aNLR _jПт 91.1/6 |
||
| 942 | _cBOOK | ||
| 980 | _aNB | ||